000 00637nam a2200241Ia 4500
003 OSt
005 20220924123834.0
006 a|||||r|||| 00| 0
007 ta
008 220923b |||||||| |||| 00| 0 urd d
020 _c25.00
024 _a316207
037 _cTextual
040 _aARTS
_cARTS
_burd
041 _2urd
_aurd
082 _aO168,1NWS:g, M4
100 _aNazim Yusuf
_9194072
245 0 _aWijd
_b Shair aur shakhs
260 _aNew Delhi
_b Mahnama Kitabnuma India
_c1984
650 _aURDU POETRY
942 _hO168,1NWS:g, M4
_cTEXL
_2CC
999 _c417327
_d417327